| 000 | 00733nam a2200241Ia 4500 | ||
|---|---|---|---|
| 000 | nam a22 i 4500 | ||
| 001 | UNACH-8183 | ||
| 007 | ta | ||
| 008 | 221212s ||||fr|||| 00| | spa d | ||
| 020 | _a978-6-07-170773-4 | ||
| 041 | 0 | _aspa | |
| 082 | 0 | 4 |
_a519.5 _bMatemática - Estadística |
| 100 | 1 |
_aZavala Aguilar, Roberto, _eautor |
|
| 245 | 1 | 0 | _aEstadística básica. |
| 264 | 3 | 1 |
_a[Buenos Aires] : _aArgentina : _bEditorial trillas, _c[Fecha de publicación no identificada] |
| 300 |
_a132 páginas : _bilustraciones y tablas |
||
| 336 |
_atexto _btxt _2rdacontent |
||
| 337 |
_ano mediado _bn _2rdamedia |
||
| 338 |
_avolumen _bnc _2rdacarrier |
||
| 653 | 0 | _aMatemática - Estadistica | |
| 942 |
_2ddc _c1 _n0 |
||
| 999 |
_c6662 _d6662 |
||